[Event "Fincas Mediterranea 1st"]
[Site "Castelldefels"]
[Date "2004.08.19"]
[Round "2"]
[White "Fortes Gil, Jesus Emilio"]
[Black "Gonzales, Jayson"]
[Result "0-1"]
[WhiteElo "2017"]
[BlackElo "2405"]
[PlyCount "52"]
[EventDate "2004.08.18"]
[EventType "swiss"]
[EventRounds "9"]
[EventCountry "ESP"]
[SourceTitle "EXT 2005"]
[Source "ChessBase"]
[SourceDate "2004.11.15"]
[SourceVersion "1"]
[SourceVersionDate "2004.11.15"]
[SourceQuality "1"]

1. d4 d6 2. c4 e5 3. dxe5 dxe5 4. Qxd8+ Kxd8 5. g3 Be6 6. Bg2 c6 7. b3 Na6 8. Bb2 Nb4 9. Na3 f6 10. Nf3 Nh6 11. 0-0 Nf7 12. Rfd1+ Kc7 13. Ne1 Be7 14. Nac2 a5 15. Nxb4 axb4 16. Nc2 Rhd8 17. a4 bxa3 18. Rxd8 Rxd8 19. Bxa3 Bxa3 20. Nxa3 Rd2 21. b4 Rxe2 22. c5 Rb2 23. b5 cxb5 24. Bf1 Bd7 25. Nb1 b4 26. Bc4 Ng5 0-1

[Event "Barcelona Rubi op-A 5th"]
[Site "Barcelona"]
[Date "2004.04.??"]
[Round "7"]
[White "Canovas Pardo, Alberto"]
[Black "Fortes Gil, Jesus Emilio"]
[Result "0-1"]
[WhiteElo "2147"]
[BlackElo "2015"]
[PlyCount "60"]
[EventDate "2004.04.25"]
[EventType "swiss"]
[EventRounds "9"]
[EventCountry "ESP"]
[SourceTitle "EXT 2007"]
[Source "ChessBase"]
[SourceDate "2006.11.23"]
[SourceVersion "1"]
[SourceVersionDate "2006.11.23"]
[SourceQuality "1"]

1. d4 Nf6 2. c4 g6 3. Nc3 Bg7 4. e4 d6 5. f3 0-0 6. Be3 e5 7. d5 Nh5 8. Qd2 Qh4+ 9. Kd1 Qe7 10. g4 Nf4 11. Nge2 f5 12. gxf5 gxf5 13. Nxf4 exf4 14. Bxf4 fxe4 15. fxe4 Qf6 16. Ne2 Bg4 17. Be3 Qxf1+ 18. Rxf1 Rxf1+ 19. Kc2 Rxa1 20. Nc3 Nd7 21. Qg2 Ne5 22. Bf4 Bh5 23. Qg5 Bg6 24. h4 Nf3 25. Qg3 Nd4+ 26. Kd2 Rf8 27. Qg4 Rg1 28. Bg3 Rf2+ 29. Ke3 Rf3+ 30. Kd2 Bh6+ 0-1

[Event "Barcelona Rubi op 4th"]
[Site "Barcelona"]
[Date "2003.05.31"]
[Round "6"]
[White "Fortes Gil, Jesus Emilio"]
[Black "Lopez Santana, Oscar"]
[Result "0-1"]
[WhiteElo "2175"]
[BlackElo "2235"]
[PlyCount "88"]
[EventDate "2003.04.26"]
[EventType "swiss"]
[EventRounds "7"]
[EventCountry "ESP"]
[SourceTitle "EXT 2004"]
[Source "ChessBase"]
[SourceDate "2003.11.25"]
[SourceVersion "1"]
[SourceVersionDate "2003.11.25"]
[SourceQuality "1"]

1. d4 e6 2. e4 d5 3. Nc3 Nf6 4. Bg5 Bb4 5. e5 h6 6. Bd2 Bxc3 7. bxc3 Ne4 8. Qg4 g6 9. Bc1 c5 10. Bd3 Nxc3 11. dxc5 Qc7 12. Nf3 Nd7 13. 0-0 Nxc5 14. Re1 Bd7 15. Ba3 N5e4 16. Bd6 Qb6 17. Bxe4 Nxe4 18. Rxe4 dxe4 19. Qh4 g5 20. Qxe4 Bc6 21. Qg4 0-0-0 22. Nd4 f5 23. Qd1 Rhe8 24. Rb1 Qa6 25. Nxc6 Qxc6 26. c4 Rd7 27. Qh5 Red8 28. c5 Qd5 29. Qxh6 Qxa2 30. Rc1 g4 31. c6 bxc6 32. Rxc6+ Kb7 33. Qc1 Qa5 34. g3 Rh7 35. Rc5 Qb6 36. Rc2 Ka8 37. Rb2 Qa6 38. Rd2 Rc8 39. Qd1 Qc6 40. Ba3 Rxh2 41. f3 Rxd2 42. Qxd2 Qxf3 43. Qd7 Rh8 44. Bc5 Rh1# 0-1

[Event "Barcelona Rubi op 3rd"]
[Site "Barcelona"]
[Date "2002.??.??"]
[Round "?"]
[White "Fortes Gil, Jesus Emilio"]
[Black "Guasch Sariol, Jaume"]
[Result "1-0"]
[WhiteElo "2040"]
[BlackElo "2083"]
[PlyCount "67"]
[EventDate "2002.04.27"]
[EventType "swiss"]
[EventRounds "9"]
[EventCountry "ESP"]
[SourceTitle "EXT 2003"]
[Source "ChessBase"]
[SourceDate "2002.11.25"]
[SourceVersion "1"]
[SourceVersionDate "2002.11.25"]
[SourceQuality "1"]

1. d4 f5 2. e4 fxe4 3. Nc3 Nf6 4. Bg5 Nc6 5. d5 Ne5 6. Qd4 d6 7. Nxe4 c5 8. Nxc5 Qa5+ 9. b4 dxc5 10. Qxe5 Qxb4+ 11. Bd2 Qe4+ 12. Qxe4 Nxe4 13. Bb5+ Bd7 14. Bxd7+ Kxd7 15. Nf3 g6 16. Ne5+ Kc7 17. Nf7 Rg8 18. Bf4+ Nd6 19. Kd2 Bg7 20. Rae1 Kd7 21. Nxd6 exd6 22. Re6 Bf8 23. Rhe1 Rg7 24. g4 Re7 25. Rxd6+ Ke8 26. Rde6 Rxe6 27. Rxe6+ Kf7 28. c4 Re8 29. Rxe8 Kxe8 30. a4 a6 31. Kd3 Kd7 32. Ke4 Bg7 33. Be5 Bf8 34. f4 1-0

[Event "Barcelona Rubi op 3rd"]
[Site "Barcelona"]
[Date "2002.??.??"]
[Round "3"]
[White "Fortes Gil, Jesus Emilio"]
[Black "Melchor Munoz, Alejandro"]
[Result "1/2-1/2"]
[WhiteElo "2180"]
[BlackElo "2040"]
[PlyCount "138"]
[EventDate "2002.04.27"]
[EventType "swiss"]
[EventRounds "9"]
[EventCountry "ESP"]
[SourceTitle "CBM 088 Extra"]
[Source "ChessBase"]
[SourceDate "2002.07.01"]
[SourceVersion "2"]
[SourceVersionDate "2002.07.01"]
[SourceQuality "1"]

1. d4 Nf6 2. Nf3 g6 3. c4 Bg7 4. Nc3 0-0 5. e4 d6 6. Be2 e5 7. 0-0 Nc6 8. d5 Ne7 9. Ne1 Nd7 10. Be3 f5 11. f3 f4 12. Bf2 g5 13. Rc1 Ng6 14. b4 b6 15. c5 bxc5 16. bxc5 Nxc5 17. Nd3 Nxd3 18. Qxd3 a6 19. Rc2 Rb8 20. Rfc1 Bb7 21. Na4 Rf7 22. Rc3 Qd7 23. Qc2 Rff8 24. Rxc7 Qxc7 25. Qxc7 Rfc8 26. Nb6 Rxc7 27. Rxc7 Nf8 28. Nc4 Bc8 29. Nb6 Bb7 30. a4 Bf6 31. Nd7 Bd8 32. Nxb8 Bxc7 33. Nxa6 Ba5 34. Nb8 Kf7 35. Bb5 Bc7 36. Nd7 Nxd7 37. Bxd7 Ba5 38. h4 Ke7 39. Bb5 h6 40. hxg5 hxg5 41. Kf1 Bc8 42. Be1 Bxe1 43. Kxe1 Kd8 44. Kd2 Kc7 45. Kc3 g4 46. fxg4 Bxg4 47. Kd2 Kb6 48. Ke1 Ka5 49. Kf2 Kb4 50. Be2 Bxe2 51. Kxe2 Kxa4 52. Kf3 Kb4 53. Kg4 Kc4 54. Kf5 Kd4 55. Ke6 Kxe4 56. Kxd6 Kf5 57. Kc5 e4 58. d6 e3 59. d7 e2 60. d8Q e1Q 61. Qf8+ Kg4 62. Qg7+ Kf5 63. Qh7+ Kg4 64. Qg7+ Kf5 65. Qd7+ Kg5 66. Qd5+ Kg6 67. Qd6+ Kg7 68. Kd5 Qe3 69. Kc6 Qf2 1/2-1/2

[Event "Martorell op-A"]
[Site "Martorell"]
[Date "1997.??.??"]
[Round "5"]
[White "Sanahuja Palomo, Alexandre"]
[Black "Fortes Gil, Jesus Emilio"]
[Result "0-1"]
[WhiteElo "2105"]
[BlackElo "2130"]
[PlyCount "98"]
[EventDate "1997.09.??"]
[EventType "swiss"]
[EventRounds "9"]
[EventCountry "ESP"]
[SourceTitle "EXT 2003"]
[Source "ChessBase"]
[SourceDate "2002.11.25"]
[SourceVersion "1"]
[SourceVersionDate "2002.11.25"]
[SourceQuality "1"]

1. e4 c5 2. Nf3 a6 3. d4 cxd4 4. Nxd4 Nf6 5. Nc3 e5 6. Nf3 Bb4 7. Bc4 Qc7 8. Qd3 b5 9. Bd5 Nxd5 10. exd5 Bxc3+ 11. bxc3 d6 12. a4 bxa4 13. 0-0 Nd7 14. Ba3 0-0 15. Ng5 Nf6 16. f4 e4 17. Nxe4 Nxe4 18. Qxe4 Bd7 19. Qe7 Rfe8 20. Qxd6 Qxd6 21. Bxd6 Bb5 22. Rfe1 Red8 23. Bb4 Rxd5 24. Rad1 Rxd1 25. Rxd1 Re8 26. Kf2 Re2+ 27. Kf3 h6 28. Rd8+ Kh7 29. Rc8 Rxc2 30. g4 Rxh2 31. f5 a5 32. Bd6 Rd2 33. Be7 Ra2 34. Rb8 Bc4 35. Rb1 Rc2 36. Ra1 Rxc3+ 37. Ke4 Bb3 38. g5 hxg5 39. Bxg5 a3 40. Kd4 Rc4+ 41. Ke5 Rc5+ 42. Kf4 f6 43. Bh4 a2 44. Bf2 Rc4+ 45. Kf3 Rb4 46. Be1 Bd5+ 47. Ke3 Ra4 48. Bc3 Be4 49. Rf1 Bxf5 0-1